TV Title Role Actors Quiz Stats

 Plays Quiz Updated Sep 19, 2017

Challenge
Share
Tweet
Embed
Score 0/20 Timer 05:00
0 Plays Today
Role Actor % Correct
Hannah MontanaMiley Cyrus
94.8%
FrasierKelsey Grammer
81%
I Love LucyLucille Ball
80.1%
Doogie Howser, M.D.Neil Patrick Harris
75.2%
Everybody Loves RaymondRay Romano
75.1%
House, M.D.Hugh Laurie
65.8%
Ally McBealCalista Flockhart
61.8%
Murphy BrownCandice Bergen
51.6%
Charles in ChargeScott Baio
47.6%
Veronica MarsKristen Bell
46.2%
Role Actor % Correct
MaudeBeatrice Arthur
45.7%
My Name is EarlJason Lee
45.4%
Gilligan's IslandBob Denver
42.8%
DexterMichael C. Hall
41.7%
Punky BrewsterSoleil Moon Frye
38.6%
MonkTony Shalhoub
37.9%
Harry's LawKathy Bates
35.4%
CastleNathan Fillion
29.8%
Barney MillerHal Linden
23.8%
ChuckZachary Levi
20.3%

You're not logged in!

Compare scores with friends on all Sporcle quizzes.
Join for Free
OR
Log In

You Might Also Like...

Show Comments

Extras

Top Quizzes Today


Score Distribution

Your Account Isn't Verified!

In order to create a playlist on Sporcle, you need to verify the email address you used during registration. Go to your Sporcle Settings to finish the process.

Report this User

Report this user for behavior that violates our Community Guidelines.

Details: